The 1997 Brighton Crop Protection Conference--Weeds : (Record no. 158067)
[ view plain ]
| 000 -LEADER | |
|---|---|
| fixed length control field | 01051nam a2200253 a 4500 |
| 008 - FIXED-LENGTH DATA ELEMENTS--GENERAL INFORMATION | |
| fixed length control field | |
| 020 ## - INTERNATIONAL STANDARD BOOK NUMBER | |
| International Standard Book Number | 1901396487 (pbk.) |
| 049 ## - LOCAL HOLDINGS (OCLC) | |
| Holding library | MAIN |
| 090 0# - LOCALLY ASSIGNED LC-TYPE CALL NUMBER (OCLC); LOCAL CALL NUMBER (RLIN) | |
| Classification number (OCLC) (R) ; Classification number, CALL (RLIN) (NR) | SB611 |
| 003 - CONTROL NUMBER IDENTIFIER | |
| control field | |
| 005 - DATE AND TIME OF LATEST TRANSACTION | |
| control field | 20230123134003.0 |
| 040 ## - CATALOGING SOURCE | |
| Transcribing agency | NUST |
| 111 2# - MAIN ENTRY--MEETING NAME | |
| Meeting name or jurisdiction name as entry element | Brighton Crop Protection Conference--Weeds : |
| Date of meeting or treaty signing | 1997November 17-20 : |
| Location of meeting | Brighton, UK. |
| 245 14 - TITLE STATEMENT | |
| Title | The 1997 Brighton Crop Protection Conference--Weeds : |
| Remainder of title | proceedings of an international conference organised by the British Crop Protection Council held at the Brighton Centre and the Stakis Brighton Metropole Hotel, Brighton, UK, 17-20 November 1997. |
| 260 ## - PUBLICATION, DISTRIBUTION, ETC. | |
| Place of publication, distribution, etc. | Farnham : |
| Name of publisher, distributor, etc. | The Council, |
| Date of publication, distribution, etc. | c1997. |
| 300 ## - PHYSICAL DESCRIPTION | |
| Extent | 3 v. (xxiv, 1202 p.) : |
| Other physical details | ill. ; |
| Dimensions | 24 cm. |
| 504 ## - BIBLIOGRAPHY, ETC. NOTE | |
| Bibliography, etc. note | Includes bibliographic references. |
| 650 #0 - SUBJECT ADDED ENTRY--TOPICAL TERM | |
| Topical term or geographic name entry element | Weeds |
| General subdivision | Control |
| -- | Congresses. |
| 650 #0 - SUBJECT ADDED ENTRY--TOPICAL TERM | |
| Topical term or geographic name entry element | Herbicides |
| General subdivision | Congresses. |
| 710 2# - ADDED ENTRY--CORPORATE NAME | |
| Corporate name or jurisdiction name as entry element | British Crop Protection Council. |
| 730 ## - ADDED ENTRY--UNIFORM TITLE | |
| Uniform title | 1997 Brighton Crop Protection Conference, Weeds. |
| 907 ## - LOCAL DATA ELEMENT G, LDG (RLIN) | |
| a | .b10161259 |
| b | 11-01-06 |
| c | 11-04-05 |
| 942 ## - ADDED ENTRY ELEMENTS (KOHA) | |
| Koha item type | Ordinary Loan Books |
| Call number prefix | SB611 |
| Date last seen | Total Checkouts | Full call number | Cost, replacement price | Price effective from | Koha item type | Lost status | Source of classification or shelving scheme | Damaged status | Not for loan | Collection | Withdrawn status | Home library | Current library | Shelving location | Date acquired | Cost, normal purchase price |
|---|---|---|---|---|---|---|---|---|---|---|---|---|---|---|---|---|
| 01/23/2023 | SB611 BRI | 80.00 | 01/23/2023 | BOOKS | LCC | 1 | NFIC | MAIN | MAIN | GEN | 01/23/2023 | 80.00 |